Enciclopedia Salvat de Los grandes compositores : la música romántica : tercera parte /

Obra en doce volúmenes que reconstruye críticamente la evolución de la música de concierto, del barroco al nacionalismo, a través del análisis de los grandes compositores de cada corriente.

Сохранить в:
Библиографические подробности
Другие авторы: Salvat, Juan (dirección) (dirección)
Формат:
Язык:испанский
Опубликовано: México : Salvat, 1983, c1983
Предметы:
Метки: Добавить метку
Нет меток, Требуется 1-ая метка записи!

MARC

LEADER 00000nam^a2200000^a^4500
001 000187453
005 20250521000000.0
009 20260310102301.721
020 |a 968-32-0263-2 
020 |a 968-32-0256-X 
037 |a Acervo ITESO - Biblioteca 
041 |a ESP 
082 |a 784. 9  |b GRA V. 6 
240 1 1 |a [Enciclopedia Salvat de Los grandes compositores] 
245 0 0 |a Enciclopedia Salvat de Los grandes compositores :  |b la música romántica : tercera parte /  |c Dir. de J. Salvat. 
264 4 |a México :  |b Salvat,  |c 1983, c1983 
300 |a 112 p. 
336 |a texto  |b txt  |2 rdacontenido 
337 |a sin mediación  |b n  |2 rdamedio 
338 |a volumen  |b nc  |2 rdasoporte 
520 |a Obra en doce volúmenes que reconstruye críticamente la evolución de la música de concierto, del barroco al nacionalismo, a través del análisis de los grandes compositores de cada corriente. 
649 |a XX 
650 |a Música Romántica -  |x Historia y Crítica 
650 |a Música de Concierto -  |x Historia y Crítica 
650 |a Música -  |x Historia y Crítica 
650 |a Música -  |x Enciclopedias y Diccionarios 
650 |a Enciclopedias y Diccionarios 
650 |a Chopin, Frédéric 
650 |a Schumann, Robert 
650 |a Liszt, Franz 
700 |a Salvat, Juan  |e (dirección) 
910 |a Fondo General 
920 |a Impresos - Libros 
930 |a Obras de Referencia 
905 |a 102 
901 |a 0500129849  |b IT2  |c REF  |u 20250521 
902 |a https://opac.biblio.iteso.mx/vufind/Record/000187453